000 00330nam a22001457a 4500
008 230329b ||||| |||| 00| 0 eng d
020 _a0916442012
041 _aeng
080 _2FIFTH EDITION
_a621
082 _a621CIP
100 _a19
101 _aMEKATRO
245 _aHANDBOOK DUCTILE IRON PIPE
_cCIPRA
942 _2udc
_cBK
999 _c59473
_d59473